| 000 | 00817nab a22002057a 4500 | ||
|---|---|---|---|
| 001 | 563 | ||
| 005 | 20251126115234.0 | ||
| 006 | a|||||r|||| 00| 0 | ||
| 007 | c| aa aaaaa | ||
| 008 | 251126b |||||||| |||| 00| 0 eng d | ||
| 040 |
_aAR-EsCIE _cAR-EsCIE |
||
| 100 | 1 |
_aRugolo, Maximiliano _9351 |
|
| 245 | 1 | 0 | _aDiversidad y producción de flammulina en el norte de la patagonia : análisis molecular y evaluación de sustratos |
| 700 | 1 |
_aPildain, María Belén, _d1972- _922 |
|
| 700 | 1 |
_aBarroetaveña, Carolina, _d1971- _921 |
|
| 773 |
_gp. 197-198 _tIV Reunión argentina de Micología IX Congreso latinoamericano de micotoxicología : 21-24 de octubre de 2025, San Carlos de Bariloche) |
||
| 856 | _uhttp://www.ciefap.org.ar/digitalizado/Rugolo_197_198_congreso.pdf | ||
| 910 | _aPG251126 | ||
| 942 |
_2ddc _cCF _n0 |
||
| 999 |
_c563 _d563 |
||